000 00797nam a2200241Ia 4500
003 OSt
005 20220926021545.0
006 a|||||r|||| 00| 0
007 ta
008 220923b |||||||| |||| 00| 0 eng d
037 _cGeneral Book
040 _aRTL
_cRTL
_beng
041 _2eng
_aeng
082 _aU250gF, M7
110 _aUnited Nations, Government Of .... International Economic And Social Affairs (Deptt of-)
_9326416
245 0 _aAcquisition of marine surveying technologies
260 _aNew York
_bUnited Nation U S A
_c1987
300 _a260p.
_ccm.
650 _aOceanography
700 _aUnited Nations, Government Of .... International Economic And Social Affairs (Deptt of-)
_9326417
942 _hU250gF, M7
_cGB
_2CC
999 _c637102
_d637102